Three Indian poets : (Record no. 4749)
[ view plain ]
| 000 -LEADER | |
|---|---|
| fixed length control field | 00794pam a2200217 4500 |
| 001 - CONTROL NUMBER | |
| control field | 5631 |
| 003 - CONTROL NUMBER IDENTIFIER | |
| control field | Uk |
| 005 - DATE AND TIME OF LATEST TRANSACTION | |
| control field | 20181127175921.0 |
| 008 - FIXED-LENGTH DATA ELEMENTS--GENERAL INFORMATION | |
| fixed length control field | 080630r20082005ii b 001 0 eng d |
| 020 ## - INTERNATIONAL STANDARD BOOK NUMBER | |
| International Standard Book Number | 0195695291 (pbk.) : |
| Terms of availability | 10.99 |
| 100 1# - MAIN ENTRY--PERSONAL NAME | |
| Personal name | King, Bruce, |
| Dates associated with a name | 1933- |
| 245 10 - TITLE STATEMENT | |
| Title | Three Indian poets : |
| Remainder of title | Ezekiel, Moraes, and Ramanujan / |
| Statement of responsibility, etc. | by Bruce King. |
| 250 ## - EDITION STATEMENT | |
| Edition statement | 2nd ed. |
| 260 ## - PUBLICATION, DISTRIBUTION, ETC. | |
| Place of publication, distribution, etc. | Delhi ; |
| -- | Oxford : |
| Name of publisher, distributor, etc. | Oxford University Press, |
| Date of publication, distribution, etc. | c2005, 2015. |
| 300 ## - PHYSICAL DESCRIPTION | |
| Extent | xi, 218 p. ; |
| Dimensions | 22 cm. |
| 500 ## - GENERAL NOTE | |
| General note | This ed. originally published: 2005. |
| 504 ## - BIBLIOGRAPHY, ETC. NOTE | |
| Bibliography, etc. note | Includes bibliographical references and index. |
| 600 10 - SUBJECT ADDED ENTRY--PERSONAL NAME | |
| Personal name | Moraes, Dom, |
| Dates associated with a name | 1938-2004 |
| General subdivision | Criticism and interpretation. |
| Personal name | Nissim, Ezekiel |
| General subdivision | Criticism and interpretation. |
| Personal name | Ramanujan, A. K., |
| Dates associated with a name | 1929-1993 |
| General subdivision | Criticism and interpretation. |
| Withdrawn status | Lost status | Source of classification or shelving scheme | Damaged status | Not for loan | Collection code | Home library | Current library | Shelving location | Serial Enumeration / chronology | Inventory number | Total Checkouts | Full call number | Barcode | Date last seen | Price effective from | Koha item type |
|---|---|---|---|---|---|---|---|---|---|---|---|---|---|---|---|---|
| Dewey Decimal Classification | Main TEST | RTC Library | RTC Library | Main opac | 9039 | 821 KIN | 30009305 | 27/11/2018 | 27/11/2018 | Main |